000 01260nam0a22003011 4500
001 rc\4775896
005 20130417101852.0
021 _aRU
_b[62-87757]
035 _a(NLR Aleph) 009025831
090 _a9457525
_c9457525
100 _a20130417d1962 |||y0rusy50 ca
101 0 _arus
102 _aRU
105 _ay z |||||
200 1 _aОсновные методы лечения заикания
210 _aОдесса
_cБ. и.
_d1962
215 _a19 с.
_d20
225 1 _aМинистерство здравоохранения УССР. Методическое письмо
_fОдес. науч.-исслед. психоневрол. ин-т. Одес. обл. психоневрол. диспансер
300 _aНа обороте тит. л. сост.: канд. мед. наук С.Б. Аксентьев, врач Э.Б. Файнгет и логопед Е.Н. Георгопуло
606 _aЗаикание
_xЛечение
_2psbo
702 1 _aФайнгет
_bЭ. Б.
_4220
702 1 _aГеоргопуло
_bЕ. Н.
_4220
702 1 _aАксентьев
_bС. Б.
_gСергей Борисович
_4220
801 0 _aRU
_bNLR
_gpsbo
801 1 _aRU
_bELAR
_2rusmarc
852 _aNLR
_j63-4/528
942 _cBOOK
980 _aNB